Analýza bitového toku systémovej vrstvy štandardu MPEG-1 : Dipl.práca

Uložené v:
Podrobná bibliografia
Hlavný autor: Bachratý, Boris (Autor)
Ďalší autori: Oravec, Miloš, 1967- (Vedúci práce), Marček, Anton (Vedúci práce)
Médium: Rukopis Kniha
Jazyk:Slovak
Vydavateľské údaje: Bratislava : STU v Bratislave FEI, 1999
Predmet:
Tagy: Pridať tag
Žiadne tagy, Buďte prvý, kto otaguje tento záznam!

MARC

LEADER 00000ntm a22000003a 4500
001 stu52411
005 20160719164911.4
008 000303s1999----xo------------------slo-d
040 |a STU  |b slo 
041 0 |a slo 
044 |a xo 
100 1 |a Bachratý, Boris  |4 aut 
245 1 |a Analýza bitového toku systémovej vrstvy štandardu MPEG-1 :  |b Dipl.práca 
260 |a Bratislava :  |b STU v Bratislave FEI,  |c 1999 
300 |a 63 s 
650 7 |a informatika  |2 stusub 
700 1 |a Oravec, Miloš,  |d 1967-  |4 ths  |u E240  |U FEI Fakulta elektrotechniky a informatiky  |T FEI Katedra telekomunikácií  |X 2036  |U E240  |Y 72  |7 A000002036 
700 1 |a Marček, Anton  |4 ths